000 00618cam a22002171 4500
001 sa 68015595
003 DLC
005 20260227112644.0
008 890108q19601968io 000 0 ind
010 _asa 68015595
035 _a(OCoLC)23554785
040 _aDLC
_cMiU
_dDLC
042 _apremarc
050 0 0 _aHF5415.12.I6
_bP35
100 1 _aPanglaykim, J.
245 1 0 _aKetiga sektor dalam organisasi marketing Indonesia, management perusahaan negara di Indonesia
260 _a[Djakarta?]
_bBinakawan Study Club
_c[196-?]
300 _a67 l.
_c22 cm.
650 0 _aMarketing
650 0 _aBudget in business
999 _c86546
_d86546